| 000 | 00812nam a2200205Ia 4500 | ||
|---|---|---|---|
| 005 | 20240530110942.0 | ||
| 008 | 140319s2011 sy abh f b 000 0 ara d | ||
| 040 |
_aGCL / _cGCL |
||
| 082 | 0 | 4 |
_221 _a723.3 _bل ت |
| 100 | 0 | _aلطفى فؤاد لطفى | |
| 245 | 1 | 2 |
_aالتاريخ العمرانى لدمشق بين 923 - 1373هـ / 1516 - 1918 م : _bبحث فى التاريخ العمرانى لمدينة دمشق / _cلطفى فؤاد لطفى |
| 250 | _aط.1 | ||
| 260 |
_aدمشق : _bوزارة الثقاقة، _c2011 . |
||
| 300 |
_a688 ص. : _bايض. ؛ _c24 سم. |
||
| 650 | 0 | 7 |
_2qrmak _aالعمارة الاسلامية _zدمشق |
| 650 | 0 | 7 |
_2qrmak _aالزخارف الاسلامية _zدمشق |
| 651 | _2qrmak | ||
| 942 |
_2ddc _cBK |
||
| 999 |
_c66834 _d66834 |
||